Countries With Large Cities - Statistics

General Stats
  • This quiz has been taken 51 times
  • The average score is 79 of 87
Answers on the Map
Answers color-coded by a green-red scale on the quiz's map according to % correct below.
 
Answer Stats
Answer % Correct
Argentina
100%
Australia
100%
Brazil
100%
Canada
100%
China
100%
Egypt
100%
France
100%
Germany
100%
Greece
100%
India
100%
Italy
100%
Mexico
100%
Morocco
100%
Peru
100%
Poland
100%
Russia
100%
Saudi Arabia
100%
South Africa
100%
Spain
100%
Turkey
100%
United Kingdom
100%
Chile
98%
Colombia
98%
Democratic Republic of the Congo
98%
Indonesia
98%
Iran
98%
Iraq
98%
Japan
98%
Nigeria
98%
Thailand
98%
Ukraine
98%
United States
98%
Vietnam
98%
Algeria
96%
Israel
96%
Kenya
96%
Pakistan
96%
Philippines
96%
Portugal
96%
Senegal
96%
South Korea
96%
Afghanistan
93%
Angola
93%
Ethiopia
93%
Kazakhstan
93%
Malaysia
93%
Myanmar
93%
Sudan
93%
Syria
93%
Venezuela
93%
Bangladesh
91%
Netherlands
91%
Republic of the Congo
91%
United Arab Emirates
91%
Belgium
89%
Bolivia
89%
Ecuador
89%
Ghana
89%
Mali
89%
Mozambique
89%
Sri Lanka
89%
Tanzania
89%
Yemen
89%
Hungary
87%
Jordan
87%
North Korea
87%
Qatar
87%
Madagascar
84%
Nepal
84%
Taiwan
84%
Tunisia
84%
Cambodia
82%
Cameroon
80%
Dominican Republic
80%
Guatemala
80%
Haiti
80%
Ivory Coast
80%
Kuwait
80%
Uganda
80%
Uzbekistan
80%
Zimbabwe
80%
Azerbaijan
73%
Singapore
73%
Guinea
71%
Burkina Faso
67%
Costa Rica
64%
Togo
64%
No matching quizzes found
Score Distribution
Percent of People with Each Score
Percentile by Number Answered
Your Score History
You have not taken this quiz